| 000 | 00929nas a2200289 4500 | ||
|---|---|---|---|
| 001 | BR2014000966 | ||
| 003 | BR-BrBNA | ||
| 005 | 20231205123719.0 | ||
| 007 | ta | ||
| 008 | 230509b bl.|||p| |||| 00| 00por d | ||
| 040 |
_aBR-BrBNA _bpor _cBiblioteca Nacional de Agricultura |
||
| 041 | _a(Pt) | ||
| 072 | _aN20 | ||
| 100 | 1 | _aCastellanelli, M. | |
| 100 | 1 | _aSouza, S.N.M de | |
| 100 | 1 | _aSilva, S.L. | |
| 100 | 1 | _aKailer, E.K. | |
| 245 | 1 | _aDesempenho de motor ciclo Diesel em bancada dinamométrica utilizando misturas diesel/biodiesel | |
| 650 | _aMOTOR A EXPLOSÃO | ||
| 650 | _aCONSUMO | ||
| 650 | _aDESENVOLVIMENTO SUSTENTÁVEL | ||
| 650 | _aBIOCOMBUSTÍVEL | ||
| 773 | 0 |
_tEngenharia Agrícola (Brazil) _xISSN 0100-6916 _g(Jan-Mar 2008), v. 28(1) p. 145-153 _wBR2014000966 |
|
| 856 | 4 | 0 | _uhttp://www.scielo.br/pdf/eagri/v28n1/a15v28n1.pdf |
| 909 |
_a202311 _bLúcia _c55 _dLúcia Elande |
||
| 942 |
_2AGRIS _n0 _cANA |
||
| 999 |
_c235321 _d235321 |
||